000 00362nam a2200145 i 4500
001 bg
100 1 _aCzarnecki, Witold
_d1927- ).
245 0 _aProjektowanie budownictwa rolniczego /
_cW. Czarnecki.
260 _aBiaƂystok,
_c1989.
040 _cBPK
041 _apol
080 _a69:631.2](075.8)
942 _cKS
008 s pl f |000 0 pol
999 _c4163
_d4163
856 _uhttp://koha.tu.koszalin.pl/cgi-bin/koha/opac-detail.pl?biblionumber=4163
_yKatalog online BPK